Finalising the fire safety order (Record no. 74449)

MARC details
000 -LEADER
fixed length control field 01402cab a2200229 4500
001 - CONTROL NUMBER
control field ABS67928
008 - FIXED-LENGTH DATA ELEMENTS--GENERAL INFORMATION
fixed length control field 040702n2004 000 0 eng u
035 ## - SYSTEM CONTROL NUMBER
System control number (Sirsi) u126680
100 ## - MAIN ENTRY--PERSONAL NAME
Personal name Dyer, C.
245 ## - TITLE STATEMENT
Title Finalising the fire safety order
260 ## - PUBLICATION, DISTRIBUTION, ETC.
Date of publication, distribution, etc. 2004
490 ## - SERIES STATEMENT
Series statement Health and Safety Bulletin
Volume/sequential designation (330) July 2004, 9-14(6)
520 ## - SUMMARY, ETC.
Summary, etc. Reports on the contents of the new fire safety regime and what it means for employers. Outlines the progress of the Regulatory Reform (Fire Safety) Order 2004 and what it contains. The main proposals include that, as far as possible, reform should create one simple fire safety regime applying to all workplaces and other non-domestic premises and that the regime should be based on risk assessment. Shows how existing regulations and acts have been integrated and highlights how new duties will replace old ones. States the government has said the introduction of the new regime should not mean the alteration in the level of resources dedicated to fire safety and the number of inspections carried out is not expected to change.
590 ## - LOCAL NOTE (RLIN)
Local note ABS
650 ## - SUBJECT ADDED ENTRY--TOPICAL TERM
Topical term or geographic name entry element REGULATORY REFORM (FIRE SAFETY) ORDER 2004
650 ## - SUBJECT ADDED ENTRY--TOPICAL TERM
Topical term or geographic name entry element RISK ASSESSMENT
650 ## - SUBJECT ADDED ENTRY--TOPICAL TERM
Topical term or geographic name entry element FIRE PRECAUTIONS ACT 1971
650 ## - SUBJECT ADDED ENTRY--TOPICAL TERM
Topical term or geographic name entry element FIRE PRECAUTIONS (WORKPLACE) REGULATIONS 1997
650 ## - SUBJECT ADDED ENTRY--TOPICAL TERM
Topical term or geographic name entry element MANAGEMENT-HEALTH AND SAFETY-FIRE SAFETY
690 ## - LOCAL SUBJECT ADDED ENTRY--TOPICAL TERM (OCLC, RLIN)
Topical term or geographic name as entry element Health and safety
9 (RLIN) 6244
942 ## - ADDED ENTRY ELEMENTS (KOHA)
Suppress in OPAC 0
Holdings
Withdrawn status Lost status Source of classification or shelving scheme Damaged status Not for loan Home library Current library Shelving location Date acquired Total Checkouts Full call number Barcode Date last seen Copy number Price effective from Koha item type
    Dewey Decimal Classification     London London Journal article 02/07/2004   ABS67928 126680-1001 06/08/2019 1 06/08/2019 Journal article